Post baat : (Record no. 82523)
[ view plain ]
| 000 -LEADER | |
|---|---|
| fixed length control field | 00591cam6a220018100 4500 |
| 001 - CONTROL NUMBER | |
| control field | tmp15901109 |
| 003 - CONTROL NUMBER IDENTIFIER | |
| control field | UPRA |
| 005 - DATE AND TIME OF LATEST TRANSACTION | |
| control field | 20190816093504.0 |
| 008 - FIXED-LENGTH DATA ELEMENTS--GENERAL INFORMATION | |
| fixed length control field | 951109s1990 za f eng u |
| 035 ## - SYSTEM CONTROL NUMBER | |
| System control number | (Sirsi) r38277 |
| 035 ## - SYSTEM CONTROL NUMBER | |
| System control number | (UPRA)tmp15901109 |
| 040 ## - CATALOGING SOURCE | |
| Transcribing agency | UPRA |
| 110 1# - MAIN ENTRY--CORPORATE NAME | |
| Subordinate unit | Post and Telecommunication Corp. Ltd. |
| Linkage | A99835.1 |
| 245 10 - TITLE STATEMENT | |
| Title | Post baat : |
| Remainder of title | commissioning by his excellency the president of Zambia Dr. K.D. Kaunda / |
| Statement of responsibility, etc. | Post and Telecommunication Corporation Limited. |
| 260 ## - PUBLICATION, DISTRIBUTION, ETC. | |
| Place of publication, distribution, etc. | Ndola : |
| Name of publisher, distributor, etc. | PTC, |
| Date of publication, distribution, etc. | 1990. |
| 949 ## - LOCAL PROCESSING INFORMATION (OCLC) | |
| a | (O2) 1990/05 |
| w | lcc |
| m | MAIN |
| t | BOOK |
| l | ON-SHELF |
No items available.